|
|
|
|
| LEADER |
00000nam0a2200000 4500 |
| 001 |
92217 |
| 005 |
20231101213821.0 |
| 035 |
|
|
|a (RuTPU)RU\TPU\book\98819
|
| 090 |
|
|
|a 92217
|
| 100 |
|
|
|a 20060309d1965 m y0rusy50 ca
|
| 101 |
0 |
|
|a rus
|
| 102 |
|
|
|a RU
|
| 105 |
|
|
|a a z 001zy
|
| 200 |
1 |
|
|a Автоматизация и телемеханизация сооружений для очистки нефтесодержащих сточных вод
|f Всесоюзный научно-исследовательский институт организации, управления и экономики нефтегазовой промышленности; сост. А. А. Кузьмин
|
| 210 |
|
|
|a Москва
|c ВНИИОЭНГ
|d 1965
|
| 215 |
|
|
|a 92 с.
|c ил.
|
| 225 |
1 |
|
|a Нефтезаводское оборудование
|
| 320 |
|
|
|a Библиогр.: с. 91
|
| 610 |
1 |
|
|a сточные воды
|
| 610 |
1 |
|
|a очистка
|
| 610 |
1 |
|
|a сооружения
|
| 610 |
1 |
|
|a автоматизация
|
| 610 |
1 |
|
|a телемеханизация
|
| 610 |
1 |
|
|a нефтесодержащие сточные воды
|
| 675 |
|
|
|a 628.3
|v 3
|
| 702 |
|
1 |
|a Кузьмин
|b А. А.
|4 220
|
| 712 |
0 |
2 |
|a Всесоюзный научно-исследовательский институт организации, управления и экономики нефтегазовой промышленности
|2 stltpush
|3 (RuTPU)RU\TPU\col\7962
|9 24439
|
| 801 |
|
1 |
|a RU
|b 63413507
|c 20060309
|g PSBO
|
| 801 |
|
2 |
|a RU
|b 63413507
|c 20060321
|g PSBO
|
| 942 |
|
|
|c BK
|